000 01387cam a22003617a 4500
003 CHAP
005 20220329142005.0
008 981201d1998 mx r 00110 spa d
010 _a76735
011 _a77707
035 _a87390
040 _cCHAP
090 _aTesis
100 0 0 _aLópez Clemente, Xicotencatl Arturo.
_967777
245 1 0 _aRespuestas de la nochebuena (Euphorbia pulcherrima Willd), cv Freedom a la fertilización nitrógeno potasio y nitrógeno-calcio cultivada en polvo de coco
_c/por Xicotencatl Arturo lópez Clemente
260 _aChapingo, Méx. :
_bEl autor,
_c1998.
300 _a97 h. :
_bgráfs.
502 _aTesis (Ing. Agr. Esp. en Fitotecnia) -- UACH. Departamento de Fitotecnia
590 _aALEPH
_b10
_c20130110
_lUCH01
_h1426
590 _aBATCH-UPD
_b10
_c20130110
_lUCH01
_h0736
590 _aBATCH-UPD
_b10
_c20130410
_lUCH01
_h0419
590 _aBATCH-UPD
_b10
_c20130914
_lUCH01
_h1400
590 _aCONVERSION
_b10
_c20130109
_lUCH01
_h1342
650 1 4 _aFertilizantes
_xEfecto en flor de nochebuena.
_940508
650 1 4 _aFlor de nochebuena.
_941304
650 1 4 _aPolvo de coco.
_990734
901 _aBK
905 _aAlejandra Carrasco M.
942 _cFOLL
949 _bBC
_cTES
_d33724000588315
_eTS2
_fc.2
_h33260
_i87390
_sb
949 _bBC
_cTES
_d33724000588323
_eTS2
_fc.3
_h33261
_i87390
_si
949 _bBC
_cTES
_d873901
_eTS1
_h33259
_i87390
_sb
999 _c76735
_d76735